<?xml version="1.0" encoding="UTF-8"?>
<record
    xmlns:xsi="http://www.w3.org/2001/XMLSchema-instance"
    xsi:schemaLocation="http://www.loc.gov/MARC21/slim http://www.loc.gov/standards/marcxml/schema/MARC21slim.xsd"
    xmlns="http://www.loc.gov/MARC21/slim">

  <leader>02104nam0a2200373   4500</leader>
  <controlfield tag="001">RU\NLR\BIBL_A\022007042</controlfield>
  <controlfield tag="005">20260408051823.0</controlfield>
  <datafield tag="035" ind1=" " ind2=" ">
    <subfield code="a">(NLR Aleph) 022007042</subfield>
  </datafield>
  <datafield tag="090" ind1=" " ind2=" ">
    <subfield code="a">12472204</subfield>
    <subfield code="c">12472204</subfield>
  </datafield>
  <datafield tag="100" ind1=" " ind2=" ">
    <subfield code="a">20230817d2014    |||y0rusy50      ca</subfield>
  </datafield>
  <datafield tag="101" ind1="0" ind2=" ">
    <subfield code="a">rus</subfield>
  </datafield>
  <datafield tag="102" ind1=" " ind2=" ">
    <subfield code="a">RU</subfield>
  </datafield>
  <datafield tag="105" ind1=" " ind2=" ">
    <subfield code="a">acbhz   000zy</subfield>
  </datafield>
  <datafield tag="181" ind1=" " ind2="0">
    <subfield code="a">i3</subfield>
    <subfield code="b">axxe  </subfield>
  </datafield>
  <datafield tag="182" ind1=" " ind2="0">
    <subfield code="a">n</subfield>
  </datafield>
  <datafield tag="200" ind1="1" ind2=" ">
    <subfield code="a">&#x414;&#x435;&#x441;&#x430;&#x43D;&#x442; &#x43C;&#x43E;&#x440;&#x441;&#x43A;&#x43E;&#x439; &#x43F;&#x435;&#x445;&#x43E;&#x442;&#x44B;</subfield>
    <subfield code="e">[&#x43F;&#x43E;&#x432;&#x435;&#x441;&#x442;&#x432;&#x43E;&#x432;&#x430;&#x43D;&#x438;&#x435;]</subfield>
    <subfield code="e">&#x43E; &#x434;&#x435;&#x441;&#x430;&#x43D;&#x442;&#x43D;&#x43E;&#x439; &#x43E;&#x43F;&#x435;&#x440;&#x430;&#x446;&#x438;&#x438; 144-&#x433;&#x43E; &#x431;&#x430;&#x442;&#x430;&#x43B;&#x44C;&#x43E;&#x43D;&#x430; &#x43C;&#x43E;&#x440;&#x441;&#x43A;&#x43E;&#x439; &#x43F;&#x435;&#x445;&#x43E;&#x442;&#x44B;</subfield>
    <subfield code="f">&#x41C;. &#x412;. &#x410;&#x448;&#x438;&#x43A;, &#x413;&#x435;&#x440;&#x43E;&#x439; &#x421;&#x43E;&#x432;&#x435;&#x442;&#x441;&#x43A;&#x43E;&#x433;&#x43E; &#x421;&#x43E;&#x44E;&#x437;&#x430;</subfield>
  </datafield>
  <datafield tag="203" ind1=" " ind2=" ">
    <subfield code="a">&#x422;&#x435;&#x43A;&#x441;&#x442;</subfield>
    <subfield code="b">&#x432;&#x438;&#x437;&#x443;&#x430;&#x43B;&#x44C;&#x43D;&#x44B;&#x439;</subfield>
    <subfield code="c">&#x43D;&#x435;&#x43F;&#x43E;&#x441;&#x440;&#x435;&#x434;&#x441;&#x442;&#x432;&#x435;&#x43D;&#x43D;&#x44B;&#x439;</subfield>
  </datafield>
  <datafield tag="210" ind1=" " ind2=" ">
    <subfield code="a">&#x421;&#x430;&#x43D;&#x43A;&#x442;-&#x41F;&#x435;&#x442;&#x435;&#x440;&#x431;&#x443;&#x440;&#x433;</subfield>
    <subfield code="c">&#x417;&#x43D;&#x430;&#x43A;&#x44A;</subfield>
    <subfield code="d">2014</subfield>
  </datafield>
  <datafield tag="215" ind1=" " ind2=" ">
    <subfield code="a">221, [2] &#x441;., [1] &#x43B;. &#x43A;&#x430;&#x440;&#x442;, &#x441;&#x43B;&#x43E;&#x436;. &#x432; 3 &#x440;&#x430;&#x437;&#x430;, [2] &#x43B;. &#x43F;&#x43E;&#x440;&#x442;&#x440;., &#x441;&#x43B;&#x43E;&#x436;. &#x432; [22] &#x441;.</subfield>
    <subfield code="c">&#x438;&#x43B;., &#x446;&#x432;. &#x438;&#x43B;., &#x43F;&#x43E;&#x440;&#x442;&#x440;., &#x444;&#x430;&#x43A;&#x441;.</subfield>
    <subfield code="d">7</subfield>
  </datafield>
  <datafield tag="320" ind1=" " ind2=" ">
    <subfield code="a">&#x411;&#x438;&#x431;&#x43B;&#x438;&#x43E;&#x433;&#x440;.: &#x441;. 189-194</subfield>
  </datafield>
  <datafield tag="600" ind1=" " ind2="1">
    <subfield code="a">&#x410;&#x448;&#x438;&#x43A;</subfield>
    <subfield code="b">&#x41C;.&#x412;.</subfield>
    <subfield code="f">1925</subfield>
    <subfield code="g">&#x41C;&#x438;&#x445;&#x430;&#x438;&#x43B; &#x412;&#x43B;&#x430;&#x434;&#x438;&#x43C;&#x438;&#x440;&#x43E;&#x432;&#x438;&#x447;</subfield>
    <subfield code="j">&#x412;&#x43E;&#x441;&#x43F;&#x43E;&#x43C;&#x438;&#x43D;&#x430;&#x43D;&#x438;&#x44F;, &#x437;&#x430;&#x43F;&#x438;&#x441;&#x43A;&#x438; &#x438; &#x442;.&#x43F;</subfield>
    <subfield code="9">2627528</subfield>
    <subfield code="3">RU\NLR\AUTH\661564088</subfield>
  </datafield>
  <datafield tag="601" ind1="0" ind2="2">
    <subfield code="a">&#x41E;&#x442;&#x434;&#x435;&#x43B;&#x44C;&#x43D;&#x44B;&#x439; &#x431;&#x430;&#x442;&#x430;&#x43B;&#x44C;&#x43E;&#x43D; &#x43C;&#x43E;&#x440;&#x441;&#x43A;&#x43E;&#x439; &#x43F;&#x435;&#x445;&#x43E;&#x442;&#x44B;</subfield>
    <subfield code="c">144</subfield>
    <subfield code="j">&#x412;&#x43E;&#x441;&#x43F;&#x43E;&#x43C;&#x438;&#x43D;&#x430;&#x43D;&#x438;&#x44F;, &#x437;&#x430;&#x43F;&#x438;&#x441;&#x43A;&#x438; &#x438; &#x442;.&#x43F;</subfield>
    <subfield code="9">2627515</subfield>
    <subfield code="3">RU\NLR\AUTH\661564075</subfield>
  </datafield>
  <datafield tag="601" ind1="0" ind2="2">
    <subfield code="a">&#x41D;&#x43E;&#x432;&#x43E;&#x440;&#x43E;&#x441;&#x441;&#x438;&#x439;&#x441;&#x43A;&#x43E;-&#x414;&#x443;&#x43D;&#x430;&#x439;&#x441;&#x43A;&#x430;&#x44F; &#x43E;&#x442;&#x434;&#x435;&#x43B;&#x44C;&#x43D;&#x430;&#x44F; &#x441;&#x442;&#x440;&#x435;&#x43B;&#x43A;&#x43E;&#x432;&#x430;&#x44F; &#x431;&#x440;&#x438;&#x433;&#x430;&#x434;&#x430; &#x43C;&#x43E;&#x440;&#x441;&#x43A;&#x43E;&#x439; &#x43F;&#x435;&#x445;&#x43E;&#x442;&#x44B;</subfield>
    <subfield code="c">83</subfield>
    <subfield code="j">&#x412;&#x43E;&#x441;&#x43F;&#x43E;&#x43C;&#x438;&#x43D;&#x430;&#x43D;&#x438;&#x44F;, &#x437;&#x430;&#x43F;&#x438;&#x441;&#x43A;&#x438; &#x438; &#x442;.&#x43F;</subfield>
    <subfield code="9">2627525</subfield>
    <subfield code="3">RU\NLR\AUTH\661564085</subfield>
  </datafield>
  <datafield tag="606" ind1="1" ind2=" ">
    <subfield code="a">&#x42D;&#x441;&#x442;&#x435;&#x440;&#x433;&#x43E;&#x43C;&#x441;&#x43A;&#x438;&#x439; &#x434;&#x435;&#x441;&#x430;&#x43D;&#x442;</subfield>
    <subfield code="j">&#x412;&#x43E;&#x441;&#x43F;&#x43E;&#x43C;&#x438;&#x43D;&#x430;&#x43D;&#x438;&#x44F;, &#x437;&#x430;&#x43F;&#x438;&#x441;&#x43A;&#x438; &#x438; &#x442;.&#x43F;.</subfield>
    <subfield code="z">1945</subfield>
    <subfield code="9">2627517</subfield>
    <subfield code="3">RU\NLR\AUTH\661564077</subfield>
  </datafield>
  <datafield tag="686" ind1="1" ind2=" ">
    <subfield code="a">&#x426;35(2)722-665-243&#x434;&#x410;&#x448;&#x438;&#x43A; &#x41C;.&#x412;.</subfield>
  </datafield>
  <datafield tag="686" ind1="1" ind2=" ">
    <subfield code="a">&#x426;35(2)722-665-21,013</subfield>
  </datafield>
  <datafield tag="686" ind1="1" ind2=" ">
    <subfield code="a">&#x426;35(2)722.434,013</subfield>
  </datafield>
  <datafield tag="700" ind1=" " ind2="1">
    <subfield code="a">&#x410;&#x448;&#x438;&#x43A;</subfield>
    <subfield code="b">&#x41C;. &#x412;.</subfield>
    <subfield code="f">1925-</subfield>
    <subfield code="g">&#x41C;&#x438;&#x445;&#x430;&#x438;&#x43B; &#x412;&#x43B;&#x430;&#x434;&#x438;&#x43C;&#x438;&#x440;&#x43E;&#x432;&#x438;&#x447;</subfield>
  </datafield>
  <datafield tag="712" ind1="0" ind2="2">
    <subfield code="4">570</subfield>
    <subfield code="a">&#x41E;&#x442;&#x434;&#x435;&#x43B;&#x44C;&#x43D;&#x44B;&#x439; &#x431;&#x430;&#x442;&#x430;&#x43B;&#x44C;&#x43E;&#x43D; &#x43C;&#x43E;&#x440;&#x441;&#x43A;&#x43E;&#x439; &#x43F;&#x435;&#x445;&#x43E;&#x442;&#x44B;</subfield>
    <subfield code="c">144</subfield>
    <subfield code="3">RU\NLR\AUTH\8810197512</subfield>
    <subfield code="9">284012</subfield>
  </datafield>
  <datafield tag="942" ind1=" " ind2=" ">
    <subfield code="c">BOOK</subfield>
  </datafield>
  <datafield tag="980" ind1=" " ind2=" ">
    <subfield code="a">NB</subfield>
  </datafield>
  <datafield tag="995" ind1=" " ind2=" ">
    <subfield code="5">2023-08-17</subfield>
    <subfield code="a">ab</subfield>
    <subfield code="b">NLR01</subfield>
    <subfield code="c">NLR01</subfield>
    <subfield code="e">RF81</subfield>
    <subfield code="f">1-4276163</subfield>
    <subfield code="k">2023-0/55</subfield>
    <subfield code="o">0</subfield>
    <subfield code="p">200.00</subfield>
    <subfield code="r">BOOK</subfield>
    <subfield code="s">2023055_</subfield>
  </datafield>
</record>
